000 00432nam a2200157Ia 4500
003 GCL
008 140319s9999 xx 000 0 eng d
040 _aGCL /
_cGCL
082 0 4 _a330
_bB L
100 1 _aBENT, MARTIN
245 1 0 _aLIVESTOCK PRODUCTIVITY ENHANCERS: AN ECONOMIC ASSESSMART /
_cBENT, MARTIN
260 _a[S.N] :
_bC. A. B INTERNATIONAL ،
_c1993
300 _a162 P
650 0 4 _aECONOMIC IMPORT
942 _2ddc
_cBK
999 _c22922
_d22922